000 00448nam a2200205Ia 4500
001 12463
003 GE_BSU
008 181216s||||||||xx |||||||||||||| ||und||
020 _a9780241953730
040 _cGE_BSU
080 _a821.111-312.4
100 _aGill,Anton.
245 4 _aThe Sacred Scroll.
260 _aLondon.
260 _bPenguin Books.
260 _c2012
300 _a553p;20cm.
653 _aThe Sacred Scroll.
942 _cBK
999 _c45637
_d45637